000 00626nam a2200205Ia 4500
003 GCL
008 140319s9999 xx 000 0 ara d
040 _aGCL /
_cGCL
082 0 4 _aد
_b913.
_bع م
100 1 _aكلية الاثار
245 1 0 _aمجلة كلية الاثار /
_cكلية الاثار
260 _a[S.N] :
_bكلية الاثار ،
_c1989
300 _a659 ص
490 _aالجغرافيا الاسلامية
_v0
650 0 4 _aالاثار الاسلامية
650 0 4 _aالاثار الفرعونية
650 0 4 _aالاثار
650 0 4 _aالاثار الشرقية
942 _2ddc
_cCF
999 _c27453
_d27453